Les Simpson - Vrai ou Faux (6) - Statistiques

Statistiques générales
  • Ce quiz a été pris 79 fois
  • Le résultat moyen est 11 sur 20
Statistiques - réponses
Question Réponse % Correct
Homer a été baptisé par Ned Vrai
86%
La ville de Springfield détient le record de la ville ayant les habitants les plus gros du monde Vrai
86%
Le bâtiment que Burns rachète à la ville et qu'il transforme en prison était une ancienne usine de jouets Faux
71%
Tahiti Bob est devenu maire d'une ville au Portugal Faux
71%
Lorsque Marge devient agent immobilier, sa première vente va à la famille Flanders Vrai
71%
Lorsque Bart trouve un billet de 1000 $ et l'expose dans sa cabane en faisant payer l'entrée, il récolte 3000 $ Vrai
71%
Le concert auquel va Bart en désobéissant à ses parents est un concert de rap Vrai
71%
Lorsqu'un cimetière a été déplacé à côté de chez les Simpson, cela était initialement un musée du timbre qui devait y être construit Vrai
71%
Le groupe des Poissons Diables était composé de huit membres Faux
57%
Le fils de Mr Burns s'appelle Barry Faux
57%
L'épisode où Bart écope de six mois d'emprisonnement dans une maison de correction, c'est à cause d'un vol à l'étalage au centre commercial Faux
57%
Lors de sa première apparition, Alice Glick n'était pas une résidente de la maison de retraite mais habitait dans une maison en ville Vrai
57%
Lors du concours d'orthographe, Lisa se trompe sur le mot "intransigeance" Vrai
57%
C'est le révérend Lovejoy qui propose à Marge d'aller sauver sa famille dans la secte des Mouvementariens Faux
43%
Quand Milhouse quitte Springfield avec sa mère, ils déménagent à New-York Faux
43%
Lorsqu'il change de nom, Homer choisit de s'appeler Max Puissant Faux
29%
Jebediah Springfield possède une langue en bronze Faux
29%
Homer s'est mis à croire à la fin du monde suite à une messe du révérend Faux
29%
Pour faire repousser ses cheveux, Homer utilise du Minoxidil Faux
14%
Pour améliorer le film de Mel Gibson, Homer lui propose de passer la première scène au ralenti Faux
14%
Aucun quiz correspondant
Distribution des résultats
% des personnes avec chaque résultat
Percentile par nombre de réponses
Votre historique - résultats
Vous n’avez pas pris ce quiz